00662cam a22001812 4500001001100000005001700011008004100028040001500069100002800084245016800112250001300280260003200293300001900325500001500344650003500359651004800394700003800442000002007820151217155905.0110628s xx 000 0 eng d aKABUcKABU1 aGhai, Y. P.@000018014110aPublic law and political change in Kenya :ba study of the legal framework of government from colonial times to the present /cY. P. Ghai and J. P. W. B. McAuslan. a1st ed. aNairobi :bO. U. P.,c1970. app. 258 - 309. aPhotocopy. 0aPublic lawzKenya.@0000180142 0aKenyaxPolitics and government.@00001497931 aMcAuslan, J. P. W. B.@0000178056